Sports Quiz

Random Sports or Basketball Quiz

NBA MVP Voting (2010) Quiz Stats

 Plays Quiz Updated Jul 6, 2018

Challenge
Share
Tweet
Embed
Score 0/15 Timer 04:00
4 Plays Today
Player % Correct
Lebron James
99.5%
Kobe Bryant
97.3%
Kevin Durant
87.7%
Dwyane Wade
86.5%
Dwight Howard
81%
Steve Nash
76.8%
Carmelo Anthony
70%
Dirk Nowitzki
68.9%
Player % Correct
Chris Bosh
60.5%
Deron Williams
58.2%
Amare Stoudemire
49.2%
Joe Johnson
49.1%
Manu Ginobili
33.8%
Chauncey Billups
30.5%
Stephen Jackson
18.1%

You're not logged in!

Compare scores with friends on all Sporcle quizzes.
Join for Free
OR
Log In

You Might Also Like...

Show Comments

Extras

Top Quizzes Today


Score Distribution

Your Account Isn't Verified!

In order to create a playlist on Sporcle, you need to verify the email address you used during registration. Go to your Sporcle Settings to finish the process.

Report this User

Report this user for behavior that violates our Community Guidelines.

Details: